Ketbur sadharan asukh bisukh (Record no. 9017)

MARC details
000 -LEADER
fixed length control field 00522cam a2200217ua 4500
001 - CONTROL NUMBER
control field 10026
005 - DATE AND TIME OF LATEST TRANSACTION
control field 20260515114545.0
008 - FIXED-LENGTH DATA ELEMENTS--GENERAL INFORMATION
fixed length control field 170321n ii |||gr||||Z||||||asm
020 ## - INTERNATIONAL STANDARD BOOK NUMBER
International Standard Book Number 8123716087
040 ## - CATALOGING SOURCE
Transcribing agency MAIN
041 ## - LANGUAGE CODE
Language code of text/sound track or separate title asm
082 ## - DEWEY DECIMAL CLASSIFICATION NUMBER
Classification number 362.1
100 ## - MAIN ENTRY--PERSONAL NAME
Personal name Agarwal, Anil,
Relator term Author.
245 ## - TITLE STATEMENT
Title Ketbur sadharan asukh bisukh
Statement of responsibility, etc. By Anil Agarwal
260 ## - PUBLICATION, DISTRIBUTION, ETC.
Place of publication, distribution, etc. New Delhi:
Name of publisher, distributor, etc. NBT,
Date of publication, distribution, etc. 1996.
300 ## - PHYSICAL DESCRIPTION
Extent 86p.
653 ## - INDEX TERM--UNCONTROLLED
Uncontrolled term Disease
653 ## - INDEX TERM--UNCONTROLLED
Uncontrolled term Disease
700 ## - ADDED ENTRY--PERSONAL NAME
Personal name Goswami, Mihir Kumar,
Relator term Translator.
942 ## - ADDED ENTRY ELEMENTS (KOHA)
Koha item type Books
Holdings
Withdrawn status Lost status Damaged status Not for loan Home library Current library Shelving location Date acquired Total checkouts Full call number Barcode Date last seen Copy number Price effective from Koha item type
        Naharkatiya College Library Naharkatiya College Library General stacks 09/19/2020   362.1 | AGA 10879 09/19/2020 1 09/19/2020 Books
        Naharkatiya College Library Naharkatiya College Library General stacks 09/19/2020   362.1oAGA 16856 09/19/2020 2 09/19/2020 Books